000 00470cam a2200145 4500500
005 20260329015714.0
041 _afre
042 _adc
100 1 0 _aHouzet, Dominique
_eauthor
245 0 0 _aGeneral-purpose computing on graphics cards
260 _c2026.
500 _a10
786 0 _nElectronics | - | 2026-03-05 | p. 9-9
856 4 1 _uhttps://stm.cairn.info/digital-circuit-architecture-and-testing--bdti42276210-te5990-page-9?lang=en&redirect-ssocas=7080
999 _c1900237
_d1900237